One-Word Films By Letter - Statistics

General Stats
  • This quiz has been taken 57 times
  • The average score is 16 of 26
Answer Stats
Letter Clue Answer % Correct
T Named for its titular character, a Marvel superhero that happens to be based on a Norse god of the same name. Thor
98%
E Austin Butler stars as the titular character in this 2022 biopic about one of the most famous rock stars to ever live. Elvis
96%
A A space crew is slowly picked off one by one, leaving Sigourney Weaver the only survivor. Alien
92%
P A bear from Peru is adopted by a human family in London. Paddington
92%
J "We're gonna need a bigger boat" Jaws
90%
Q From 1951, a historical drama set in the Canadian province of the same name. Quebec
88%
U You might not be able to make it past the first five minutes of this Pixar film without crying. Up
88%
H Peter Pan has grown up, and he's played by Robin Williams. Hook
83%
C "Here's looking at you, kid." Casablanca
75%
O Christopher Nolan's upcoming biopic about the so-called "father of the atomic bomb" Oppenheimer
73%
F From 1940, this mostly dialogue-free animated film focuses more on music instead. Fantasia
71%
I A man who can enter dreams steals information from his victims' subconscious. Inception
71%
L Hugh Jackman stars for the final(ish) time as the iconic Marvel superhero Wolverine. Logan
65%
D Two adaptations of this landmark sci-fi novel have been made; one was directed by David Lynch. Dune
63%
S Mel Brooks' famous 1987 parody film, inspired by, amongst others, Star Wars. Spaceballs
56%
Y One man discovers he is the only person who can remember The Beatles. Yesterday
56%
Z Fashion moguls attempt to assassinate the Prime Minister of Malaysia. Zoolander
54%
K This animated film from 2019 tells an alternate origin story for Santa Claus Klaus
52%
G This film's name has been used to describe a specific type of emotional manipulation. Gaslight
50%
M Among other things, the robot in this famous silent film inspired the design for C-3PO in Star Wars. Metropolis
38%
N Jordan Peele's third feature film, with a disturbingly hungry cloud. Nope
35%
V Sight & Sound voted it the greatest film ever made in its 2012 poll. Vertigo
27%
W This silent picture is the first ever recipient of the Academy Award for Best Picture. Wings
27%
B A Scottish village only appears for one day every 100 years. Brigadoon
25%
X The second film in an early 2000s trilogy based on a famous Marvel comics superhero team. X2
25%
R A samurai dies - but that might not be how you remember it. Rashomon
19%
No matching quizzes found
Score Distribution
Percent of People with Each Score
Percentile by Number Answered
Your Score History
You have not taken this quiz